Автоматическое управление машинами и механизмами : (Record no. 15716)
[ view plain ]
| 000 -LEADER | |
|---|---|
| fixed length control field | 01626nam a2200253 a 4500 |
| 001 - CONTROL NUMBER | |
| control field | 000055501 |
| 003 - CONTROL NUMBER IDENTIFIER | |
| control field | AM-YEHGA |
| 005 - DATE AND TIME OF LATEST TRANSACTION | |
| control field | 20250617121427.0 |
| 008 - FIXED-LENGTH DATA ELEMENTS--GENERAL INFORMATION | |
| fixed length control field | 991207s1971 ru ||||||s u rus d |
| 040 ## - CATALOGING SOURCE | |
| Original cataloging agency | AM-YeHGA |
| 041 0# - LANGUAGE CODE | |
| Language code of text/sound track or separate title | rus |
| 090 ## - LOCALLY ASSIGNED LC-TYPE CALL NUMBER (OCLC); LOCAL CALL NUMBER (RLIN) | |
| -- | 15829 |
| 245 00 - TITLE STATEMENT | |
| Title | Автоматическое управление машинами и механизмами : |
| Remainder of title | Труды III Международного конгресса Международной федерации по автоматическому управлению (IFAC). Лондон, 20-25 июня 1966 г. / |
| Statement of responsibility, etc. | Гл. ред. В.А. Трапезников ; Отв. ред. А.Я. Лернер., АН СССР, Междун. федерация по автомат. управлению, Нац. ком. СССР по автомат. управлению. |
| 260 ## - PUBLICATION, DISTRIBUTION, ETC. | |
| Place of publication, distribution, etc. | Москва : |
| Name of publisher, distributor, etc. | Наука, |
| Date of publication, distribution, etc. | 1971. |
| 300 ## - PHYSICAL DESCRIPTION | |
| Extent | 328 с. |
| 650 14 - SUBJECT ADDED ENTRY--TOPICAL TERM | |
| Topical term or geographic name entry element | Автоматика |
| 653 0# - INDEX TERM--UNCONTROLLED | |
| Uncontrolled term | Управление системой подземной железной дороги |
| 653 0# - INDEX TERM--UNCONTROLLED | |
| Uncontrolled term | Вычислительные машины |
| 700 1# - ADDED ENTRY--PERSONAL NAME | |
| Personal name | Трапезников, В.А. |
| Relator term | ред. |
| Relationship | edt |
| 710 2# - ADDED ENTRY--CORPORATE NAME | |
| Corporate name or jurisdiction name as entry element | Международная федерация по автоматическому управлению |
| 710 2# - ADDED ENTRY--CORPORATE NAME | |
| Corporate name or jurisdiction name as entry element | Национальный комитет СССР по автоматическому управлению |
| 711 2# - ADDED ENTRY--MEETING NAME | |
| Meeting name or jurisdiction name as entry element | Международный конгресс Международной федерации по автоматическому управлению |
| Number of part/section/meeting | (3 : |
| Date of meeting or treaty signing | 20-25 июня 1966г. ; |
| Location of meeting | Лондон) |
| 942 ## - ADDED ENTRY ELEMENTS (KOHA) | |
| Source of classification or shelving scheme | Universal Decimal Classification |
| Koha item type | Գրքեր / Books |
| Withdrawn status | Lost status | Damaged status | Not for loan | Collection | Home library | Current library | Date acquired | Total checkouts | Full call number | Barcode | Date last seen | Price effective from | Koha item type | Public note |
|---|---|---|---|---|---|---|---|---|---|---|---|---|---|---|
| General | Fundamental Scientific Library | Fundamental Scientific Library | 21/12/2016 | PIII/32431 | FL0368174 | 21/12/2016 | 21/12/2016 | Գրքեր / Books | 30 Days Loan | |||||
| General | Fundamental Scientific Library | Fundamental Scientific Library | 21/12/2016 | PIII/32531 | FL0366748 | 21/12/2016 | 21/12/2016 | Գրքեր / Books | 30 Days Loan |
ՀՀ Գիտությունների ազգային ակադեմիայի հիմնարար գիտական գրադարան = Fundamental Scientific Library of NAS RA
All site content, except where otherwise noted, is licensed under a